LIBRARY & INFORMATION CENTRE, KCAET, TAVANUR

ONLINE PUBLIC ACCESS CATALOGUE (OPAC)

Ikya rashtra sabha / (Record no. 328)

MARC details
000 -LEADER
fixed length control field 00447cam a2200193ua 4500
041 ## - LANGUAGE CODE
Language code of text/sound track or separate title mal
082 ## - DEWEY DECIMAL CLASSIFICATION NUMBER
Classification number 341.23
Item number ANN/IK
100 ## - MAIN ENTRY--AUTHOR NAME
Personal name Annie, Thayyil .
245 ## - TITLE STATEMENT
Title Ikya rashtra sabha /
250 ## - EDITION STATEMENT
Edition statement 1 /
260 ## - PUBLICATION, DISTRIBUTION, ETC. (IMPRINT)
Place of publication :
Name of publisher K Thayyil ,
Year of publication 1962.
300 ## - PHYSICAL DESCRIPTION
Number of Pages 127 ; .
942 ## - ADDED ENTRY ELEMENTS (KOHA)
Koha item type Books
Holdings
Withdrawn status Lost status Damaged status Home library Current library Date acquired Full call number Accession Number Koha item type Public note
Withdrawn     KAUAET Malayalam University 07/04/2012 341.23 1215 Books  
Withdrawn     KAUAET Malayalam University 07/04/2012 341.23 7900 Books Transferred to Malayalam University
free website counter